000 00756nam a22002177a 4500
999 _c15664
_d15664
003 AR-CdUCM
008 190429b ||||| |||| 00| 0 spa d
040 _aMUNICIPALIDAD PROVINCIAL DEL CUSCO
_cBIBLIOTECA MUNICIPAL DEL CUSCO
082 _aC / 985 /
_bSU88
110 _aConcejo Provincial
_946846
245 _aSugerencias del Concejo Provincial del Cusco para el Bicentenario de la Rebelión de Tupac Amaru 1977 /
260 _aCuzco :
_b[sn],
_c1977.
300 _a42 paginas ;
_c29 cm.
500 _aNota : Documento realizado por la Municipalidad del Cuzco.
650 _aCusco
_9772
650 _aRebelión de Tupac Amaru
_96415
650 _aBicentenario
_925903
650 _aSiglo XX
_98
942 _2ddc
_cLIBROS
945 _awnts
_d2019-04-29